• 首页
  • 本馆介绍
  • 公告通知
  • 最新文献
  • 馆藏检索
  • 电子资源
  • 读者导购
  • 参考咨询
  • 我的图书馆
  • 登录
  • 详细信息显示
  • 放入我的书架
  • 预约/预借图书
  • 作者相关作品
  • 分类相关作品
  • 丛书相关作品
  • 出版社相关作品

书目信息

  • 表格格式
  • 工作单格式
  • 卡片格式
题名:
统计分析的理论和方法
    
 
作者: 张昌法 编
分册:  
出版信息: 北京   中国铁道出版社  1984
页数: 290页
开本: 21cm
丛书名:
单 册:
中图分类: C81
科图分类:
主题词: 统计--方法
电子资源:
ISBN:
000 00622nam0 2200229 45
001 0184010481
005 20050613161024.9
010    @dCNY1.75
091    @a4043.1031
100    @a19950408d1984 em y0chiy0121 ea
101 0  @achi
102    @aCN@b110000
105    @ay z 000yy
200 10 @a统计分析的理论和方法@Atong ji fen xi de li lun he fang fa@f张昌法编@FZhang Chang Fa Bian
210    @a北京@c中国铁道出版社@d1984
215    @a290页@d21cm
606    @a统计@x方法
690    @aC81@v3 
701  0 @a张昌法@4编
801  0 @aCN@b上海图书馆@c20040507
801  2 @aCN@bNLC@c20040507
905    @dC81@e8@f1@b135964
    
    统计分析的理论和方法/张昌法编.-北京:中国铁道出版社,1984
    290页;21cm
    
    
    ISBN :CNY1.75
    
●
相关链接 在E读中查询图书 在五车中查询图书 在当当中查询图书 在豆瓣中查询图书


正题名:统计分析的理论和方法     索取号:C81/8         预约/预借

序号 登录号 条形码 馆藏地/架位号 状态 备注
1 0135962   001143685   密集书库/ [索取号:C81/8] 在馆    
2 0135963   001143694   密集书库/ [索取号:C81/8] 在馆    
3 0135964   001143676   第一样本阅览室/ [索取号:C81/8] 在馆    
唐山师范学院图书馆 欢迎您!
大连网信软件有限公司© 版权所有